| 000 | 00979nam a22002177a 4500 | ||
|---|---|---|---|
| 005 | 20210414114105.0 | ||
| 008 | 120730t xxu||||| |||| 00| 0 eng d | ||
| 020 | _a1423912225 9781423912224 | ||
| 050 | _bQA402.S47 | ||
| 100 | _aShelly, Gary B. | ||
| 245 |
_aSystems analysis and design. / _cGary B. Shelly, Thomas J. Cashman and Harry J. Rosenblatt |
||
| 250 | _a7th ed. | ||
| 260 |
_aBoston : _bThomson, _c2008. |
||
| 300 |
_axix, 702 p. : _bcol. ill. ; _c28 cm. |
||
| 500 | _aIncludes index. | ||
| 505 | _aContents: Introduction to systems analysis and design -- Analyzing the business case -- Requirement modeling -- Data and process modeling -- Object modeling -- Development strategies -- Output and user interface design -- Data design -- System architecture -- Systems implementation -- Systems operation, support, and security. | ||
| 650 |
_aSystems analysis _xSystem design |
||
| 700 | _aThomas J. Cashman, | ||
| 700 | _aHarry J. Rosenblatt, | ||
| 942 |
_2lcc _cBK |
||
| 999 |
_c1871 _d9371 |
||